Score 0/40 Timer 05:00
0 Plays Today
Title London Pub (L) or Fairy Tale (F) % Correct
Ye Olde Cheshire Cheese???
82.9%
Lamb And Flag???
81.9%
The Hereford Arms???
81.9%
The Crown???
81.4%
The Windsor Castle???
80%
Duke of Hamilton???
79.5%
The Atlas???
79%
The Three Little Pigs???
77.6%
The Old Queen's Head???
77.6%
The White Horse???
74.8%
The Iron Duke???
72.9%
Tom Thumb???
72.9%
The Windmill???
72.4%
Mason And Taylor???
71.9%
The Speaker???
71.9%
The Holly Bush???
67.6%
The Prospect of Whitby???
66.2%
The Faltering Fullback???
65.7%
The Fish and the Ring???
63.3%
The Hare and Hounds ???
62.9%
Title London Pub (L) or Fairy Tale (F) % Correct
The Master and his Pupil???
62.4%
Crocker's Folly???
61%
The Squirrel Wife???
61%
The Jack Horner???
57.6%
Old Red Cow???
56.2%
The Three Heads of the Well???
56.2%
Nix Nought Nothing???
54.8%
Dovetail???
53.3%
The Old Witch???
53.3%
Cap-o'-Rushes???
52.9%
The Small-tooth Dog???
52.4%
Princess Louise???
51.9%
Tattercoats???
50%
The Blind Beggar???
47.6%
Sir Gammer Vans???
45.7%
The Pedlar's Pack???
44.3%
The Rose-Tree???
42.9%
The Magpie's Nest???
41%
Luck of Edenhall???
35.7%
The Hedley Kow???
29%
Remove Ads.
Support Sporcle.
Get the best of Sporcle when you Go Orange. This ad-free experience offers more features, more stats, and more fun while also helping to support Sporcle. Thank you for becoming a member.

You're not logged in!

Compare scores with friends on all Sporcle quizzes.
OR
Log In

Sporcle TV

Today on Sporcle TV


Watch our educational content, quiz creation guides, and fun videos on Sporcle TV.

Show Comments

Extras

Top Quizzes Today


Score Distribution

Paid Content

Your Account Isn't Verified!

In order to create a playlist on Sporcle, you need to verify the email address you used during registration. Go to your Sporcle Settings to finish the process.

Report this User

Report this user for behavior that violates our Community Guidelines.

Details: